000 00423nab a2200145Ia 4500
003 ES-SlBCS
005 20210601135701.0
008 140529s1995 xxu||||| |||| 00| 0 spa d
041 _aspa
100 1 _aSchneider, Heinrich
_9189800
245 0 0 _aPatriotismo y nacionalismo
_c Heinrich Schneider
650 0 4 _aPatriotismo-Nacionalismo
_9235312
773 0 _tConcilium
_gnº. 262, 1995, págs. 983-1002
_wRev134
942 _cAR
999 _c632241
_d632241